Top 5 Songs On Music & Me (Michael Jackson) - Statistics

General Stats
  • This quiz has been taken 6 times
  • The average score is 4 of 5
Answer Stats
Hint Answer % Correct
5,030,308 Music And Me
100%
2,825,711 Happy (Love Them From "Lady Sings The Blues")
80%
2,116,413 With A Child's Heart
80%
1,309,416 All The Things You Are
60%
952,590 Up Again
40%
No matching quizzes found
Score Distribution
Percent of People with Each Score
Percentile by Number Answered
Your Score History
You have not taken this quiz